[Event "IECC CL8-2001.21"]
[Site "IECC email"]
[Date "2001.09.01"]
[Round "?"]
[White "Lapham, Frank J"]
[Black "Avachat, Abhay"]
[Result "1-0"]
[WhiteElo "992"]
[BlackElo "1120"]
[PlyCount "25"]
[EventDate "2001.??.??"]
[EventType "tourn (corr)"]
[EventRounds "4"]
[SourceTitle "Corr 2008"]
[Source "ChessBase"]
[SourceDate "2008.06.24"]
[SourceVersion "1"]
[SourceVersionDate "2008.06.24"]
[SourceQuality "1"]

1. e4 c5 2. Nf3 Nc6 3. Bc4 g6 4. Ng5 e6 5. d3 Bg7 6. 0-0 Nge7 7. Qf3 f6 8. Nh3 Ne5 9. Qg3 Nxc4 10. dxc4 0-0 11. Nc3 b6 12. Bf4 e5 13. Be3 1-0